Στρατηγικό μάρκετινγκ

Αποθηκεύτηκε σε:
Λεπτομέρειες βιβλιογραφικής εγγραφής
Κύριος συγγραφέας: Σιώμκος, Γεώργιος Ι. (Συγγραφέας)
Μορφή: Βιβλίο
Γλώσσα:Greek
Δημοσίευση: Αθήνα : Πασχαλίδης, c2018.
Έκδοση:5η έκδ.
Θέματα:
Ετικέτες: Προσθήκη ετικέτας
Δεν υπάρχουν, Καταχωρήστε ετικέτα πρώτοι!

MARC

LEADER 00000cam a2200000 a 4500
001 1/123332
008 210705t2018####gr | ||| |||| ||gre||
020 |a 9789925563685   |q (χαρτόδετο)  
040 |a GR-MyUa  |b gre  |c GR-MyUa  |e AACR2 
041 0 |a gre 
082 7 |a 658.802   |2 (23)  
100 1 |a Σιώμκος, Γεώργιος Ι.  |e aut 
245 1 2 |a Στρατηγικό μάρκετινγκ /   |c Γεώργιος Ι. Σιώμκος.  
250 |a 5η έκδ.  
260 |a Αθήνα :   |b Πασχαλίδης,   |c c2018.  
300 |a 799 σ. :  |b διαγρ., εικ., πίν. ;   |c 28 εκ.  
504 |a Περιλαμβάνει βιβλιογραφία και ευρετήριο.  
650 0 |a Marketing  |x Management. 
650 0 |a Strategic planning. 
852 |a INST  |b CHIOS  |e 20210705  |h 658.802 ΣΙΩ  |p 005200039649  |q 005200039649  |t BK  |y 0 
970 |a Παροικάκη  |b Βασιλική  |z 05/07/2021